YOUSAF, Nahem. — Alex La Guma, Politics and Resistance. Portsmouth, Heinemann, Studies in African Literature, 2001, 164 p., index, bibl. (« Studies in Arican Literature »). (notice n° 1617373)
[ vue normale ]
| 000 -LEADER | |
|---|---|
| fixed length control field | 00625cam a2200145 4500500 |
| 005 - DATE AND TIME OF LATEST TRANSACTION | |
| control field | 20260111083151.0 |
| 041 ## - LANGUAGE CODE | |
| Language code of text/sound track or separate title | fre |
| 042 ## - AUTHENTICATION CODE | |
| Authentication code | dc |
| 100 10 - MAIN ENTRY--PERSONAL NAME | |
| Personal name | Sévry, Jean |
| Relator term | author |
| 245 00 - TITLE STATEMENT | |
| Title | YOUSAF, Nahem. — Alex La Guma, Politics and Resistance. Portsmouth, Heinemann, Studies in African Literature, 2001, 164 p., index, bibl. (« Studies in Arican Literature »). |
| 260 ## - PUBLICATION, DISTRIBUTION, ETC. | |
| Date of publication, distribution, etc. | 2003.<br/> |
| 500 ## - GENERAL NOTE | |
| General note | 63 |
| 786 0# - DATA SOURCE ENTRY | |
| Note | Cahiers d'études africaines | 171 | 3 | 2003-09-01 | p. 657p-697p | 0008-0055 |
| 856 41 - ELECTRONIC LOCATION AND ACCESS | |
| Uniform Resource Identifier | <a href="https://shs.cairn.info/revue-cahiers-d-etudes-africaines-2003-3-page-657p?lang=fr&redirect-ssocas=7080">https://shs.cairn.info/revue-cahiers-d-etudes-africaines-2003-3-page-657p?lang=fr&redirect-ssocas=7080</a> |
Pas d'exemplaire disponible.




Réseaux sociaux